Statistiken für Liedtext - Lasse redn - Die Ärzte

Klicken Sie hier um das Quiz zu spielen!

Allgemein

  • Dieses Quiz wurde 1.161 mal gespielt
  • Das Durchschnittsergebnis liegt bei 268 aus 328

Antwortstatistiken

Textquiz% Korrekt
die
98%
Die
98%
Lass
98%
Leute
98%
reden
98%
nicht
96%
Und
96%
und
96%
da
95%
du
95%
Du
95%
zu
95%
ein
94%
haben
94%
nichts
93%
Sie
93%
sie
93%
das
92%
Das
92%
hör
92%
im
92%
meisten
92%
Besseres
89%
hast
89%
Hast
89%
so
89%
dein
88%
Der
88%
der
88%
eine
88%
gar
88%
ja
88%
tun
88%
schon
87%
was
87%
ihnen
86%
wie
86%
Wie
86%
deine
85%
einfach
85%
ihr
85%
immer
85%
Nachbarn
85%
ne
85%
dich
84%
bei
83%
hin
83%
mal
83%
mit
83%
gemacht
82%
oder
82%
Oder
82%
Sinn
82%
vor
82%
Denn
81%
denn
81%
ihre
81%
ist
81%
Kleid
81%
Aus
80%
aus
80%
dem
80%
etwa
80%
getragen
80%
sonst
80%
Tag
80%
wenn
80%
auch
79%
Bild
79%
Bist
79%
bist
79%
dir
79%
kurzes
79%
am
78%
Böses
78%
Es
78%
in
78%
Nacht
78%
Ohne
78%
über
78%
um
78%
einen
77%
Erlaubnis
77%
fragen
77%
geseh'n
77%
hat
77%
sich
77%
Bildung
76%
Hass
76%
sag
76%
Wetterbericht
76%
wüsste
76%
neulich
75%
Titten
75%
von
75%
vorher
75%
wer
75%
angedeutet
74%
Angst
74%
bin
74%
Hut
74%
ärgert
73%
doch
73%
eines
73%
etwas
73%
getan
73%
keiner
73%
Kripo
73%
tut
73%
Also
72%
bezahl'n
72%
Garten
72%
Laden
72%
man
72%
Mäuler
72%
Miete
72%
peinlich
72%
wunder
72%
bald
71%
Bank
71%
Geld
71%
Leichen
71%
Osama
71%
paar
71%
Prostitution
71%
steh'n
71%
überfall'n
71%
zerreißen
71%
Busbahnhof
70%
Geliebte
70%
Kollege
70%
sollst
70%
verdienst
70%
weißt
70%
wusstest
70%
besteht
69%
läutet
69%
Leben
69%
Schuhe
69%
Schwagers
69%
für
68%
gehört
68%
hohe
68%
könntest
68%
nun
68%
wird
68%
einmal
67%
erzählt
67%
ganze
67%
genau
67%
heißen
67%
wahrscheinlich
67%
Märchen
66%
Nachbarschaft
66%
nie
66%
Schande
66%
Staaten
66%
Vereinigten
66%
Während
66%
mehr
65%
verscharrt
65%
darfst
64%
deinen
64%
interessanter
64%
Jetzt
64%
kannst
64%
machen
64%
noch
64%
quält
64%
Schlimmeres
64%
sind
64%
wirst
64%
Damenbart
63%
Verachtung
63%
lächle
62%
sicherlich
62%
wieder
62%
jede
61%
kleinlich
61%
Rasierst
61%
Solang
61%
täglich
61%
Einsicht
60%
eintöniges
59%
fehlt
59%
leisten
59%
natürlich
59%
gestraft
58%
meistens
58%
höflich
57%
zeigt
57%
durchaus
55%
Bleib
54%
Nämlich
54%
wenig
53%
Heuchelei
49%
fremdenfeindlich
47%
vermeintlich
41%
mild
37%

Verteilung der Resultate

Perzentil nach korrekt beantworteten Fragen

Anzahl Personen mit jedem Resultat

Ihre Resultats-Entwicklung

Sie haben dieses Quiz noch nicht gespielt